Under a Pannonian sky : ten women poets from Hungary /

Bibliographic Details
Other Authors: Mulzet, Ottilie (Editor, Translator), Bentley, Anna (Editor), Mihalycsa, Erika (Editor), Sanders, Ivan (Editor), Pollard, Clare (Editor), Szabo, Anna T. (Editor), Szirtes, George (Editor)
Format: Book
Language:English
Language Notes:Translated from the Hungarian.
Published: London : Seagull Books, 2025.
Series:The Hungarian list
Subjects:

MARC

Tag First Indicator Second Indicator Subfields
LEADER 00000cam a2200000 i 4500
001 in00005781908
003 OCoLC
005 20260310092350.7
007 t|
008 251023s2025 enk 000 p eng d
024 8 |a 40033160569 
040 |a UKMGB  |b eng  |e rda  |c UKMGB  |d OCLCO  |d YDX 
020 |a 9781803095677  |q paperback 
020 |a 1803095679 
035 |a (OCoLC)1559037592 
041 1 |a eng  |h hun 
050 4 |a PH3441.E3  |b U53 2025 
082 0 4 |a 894.511100809287  |2 23 
245 0 0 |a Under a Pannonian sky :  |b ten women poets from Hungary /  |c translated by Anna Bentley, Erika Mihalycsa, Ottilie Mulzet. Ivan Sanders, Clare Pollard with Anna T. Szabo and George Szirtes, edited with an introduction by Ottilie Mulzet 
264 1 |a London :  |b Seagull Books,  |c 2025. 
300 |a liii, 348 pages ;  |c 24 cm. 
336 |a text  |2 rdacontent 
337 |a unmediated  |2 rdamedia 
338 |a volume  |2 rdacarrier 
490 0 |a The Hungarian list 
546 |a Translated from the Hungarian. 
650 0 |a Hungarian poetry  |x Women authors  |v Translations into English. 
650 7 |a Hungarian poetry  |2 fast  |0 (OCoLC)fst00964046 
655 7 |a Poetry  |2 fast  |0 (OCoLC)fst01423828 
655 7 |a Translations  |2 fast  |0 (OCoLC)fst01423791 
700 1 |a Mulzet, Ottilie,  |e editor,  |e translator,  |e writer of introduction.  |1 https://isni.org/isni/0000000058512974. 
700 1 |a Bentley, Anna,  |e editor. 
700 1 |a Mihalycsa, Erika,  |e editor. 
700 1 |a Sanders, Ivan,  |e editor. 
700 1 |a Pollard, Clare,  |e editor. 
700 1 |a Szabo, Anna T.,  |e editor. 
700 1 |a Szirtes, George,  |e editor. 
945 |b 734861 
947 |a A14852278010 
980 |b print  |c 40033160569  |f LIT/B  |g 565714  |k USD  |m 23.20  |q 1  |s AcqMono Conventional  |t Approval plan  |u Vendor order reference number  |v ZYBP  |y Print approval  |z Physical resource 
999 f f |i fd691b97-69d2-4e0a-931a-270733640b3f  |s fe08035f-dd11-46c3-bd0b-215b3fdf2e3b  |t 0 
952 f f |p normal  |a Texas A&M University  |b College Station  |c Sterling C. Evans Library  |s Evans stk  |d Evans: Library Stacks  |t 0  |e PH3441.E3 U53 2025  |h Library of Congress classification  |i unmediated -- volume  |m A14852278010 
998 f f |a PH3441.E3 U53 2025  |t 0  |l Evans: Library Stacks